| 000 | 01562cam a2200385 a 4500 | ||
|---|---|---|---|
| 003 | CHAP | ||
| 005 | 20220329142516.0 | ||
| 008 | 010817d2001 mx 00 spa d | ||
| 010 | _a84466 | ||
| 011 | _a85438 | ||
| 035 | _a95971 | ||
| 040 | _cCHAP | ||
| 100 | 0 | 0 |
_aSánchez García, Alejandro Higinio. _9107528 |
| 245 | 0 | 0 |
_aSusceptibilidad de larvas de Diatraea saccharalis (Fabricius) (Lepidoptera:Pyralidae) y Spodoptera frugiperda (J. E. Smith) (Lepidotera:Noctuidae) a diferentes cepas de Bacillus thuringiensis (Berliner). _c/por Alejandro Higinio Sánchez García |
| 260 |
_aChapingo, Méx. : _bEl autor, _c2001 |
||
| 300 | _a56 h. | ||
| 500 | _aTesis (Ing. Agr. Esp. en Parasitología Agrícola) -- UACH. Departamento de Parasitología Agrícola | ||
| 590 |
_aBATCH-UPD _b10 _c20130109 _lUCH01 _h2342 |
||
| 590 |
_aBATCH-UPD _b10 _c20130110 _lUCH01 _h0212 |
||
| 590 |
_aBATCH-UPD _b10 _c20130110 _lUCH01 _h1245 |
||
| 590 |
_aBATCH-UPD _b10 _c20130409 _lUCH01 _h1911 |
||
| 590 |
_aBATCH-UPD _b10 _c20130410 _lUCH01 _h0057 |
||
| 590 |
_aBATCH-UPD _b10 _c20130914 _lUCH01 _h0515 |
||
| 590 |
_aCONVERSION _b10 _c20130109 _lUCH01 _h1347 |
||
| 650 | 1 | 4 |
_aBacillus thuringiensis. _99298 |
| 650 | 1 | 4 |
_aDiatraea saccharalis. _932432 |
| 650 | 1 | 4 |
_aEntomología económica. _937145 |
| 650 | 1 | 4 |
_aGusano cogollero del maíz. _951561 |
| 650 | 1 | 4 |
_aMaíz _xPlagas. _971034 |
| 901 | _aBK | ||
| 905 | _aLilia Sánchez G. | ||
| 942 | _cFOLL | ||
| 949 |
_aTesis _bBC _cTES _d33724000852141 _eTS2 _fc.2 _h38401 _i95971 _si |
||
| 949 |
_aTesis _bBC _cTES _d959711 _eTS1 _h38400 _i95971 _sb |
||
| 999 |
_c84466 _d84466 |
||